| LEADER | 00690nam a2200193 i 4500 | ||
|---|---|---|---|
| 001 | c000146354 | ||
| 003 | CARM | ||
| 005 | 00000000000000.0 | ||
| 008 | 780615s1955 k 00001 eng d | ||
| 019 | 1 | |a 1913579 |5 LACONCORD2021 | |
| 035 | |a (OCoLC)10612138 |5 LACONCORD2021 | ||
| 040 | |a VDU | ||
| 100 | 1 | |a Peterkiewicz, Jerzy, |d 1916- | |
| 245 | 1 | 0 | |a Loot and loyalty / |c by Jerzy Pietrkiewicz. |
| 260 | |a London : |b Heinemann, |c 1955. | ||
| 300 | |a 190 p. ; 19 cm. | ||
| 852 | 8 | |b CARM |h A2:AJ11G0 |i A02291 |p 0139399 |f BK | |
| 999 | f | f | |i 237125c3-98ce-56b4-a94e-a8f5797c6266 |s 96fa89f3-46cf-5316-b58e-44acea2bbfa6 |
| 952 | f | f | |p Can circulate |a CAVAL |b CAVAL |c CAVAL |d CARM 1 Store |e A02291 |f A2:AJ11G0 |h Other scheme |i book |m 0139399 |